Library Banner

Aao Quran ki taraf : Quran Pak ki azmat , taseer, Haqooq(mis)(آو قرآن کی طرف قرآن پاک کی عظمت ، تاثیر، حقوق) (Record no. 103567)

MARC details
000 -LEADER
fixed length control field 00504nam a22001457a 4500
005 - DATE AND TIME OF LATEST TRANSACTION
control field 20180221104548.0
008 - FIXED-LENGTH DATA ELEMENTS--GENERAL INFORMATION
fixed length control field 180221b xxu||||| |||| 00| 0 eng d
040 ## - CATALOGING SOURCE
Transcribing agency PK-LaUMT
082 ## - DEWEY DECIMAL CLASSIFICATION NUMBER
Classification number ZIAC 297.05
Item number RIA-A
100 ## - MAIN ENTRY--PERSONAL NAME
Personal name Riaz Ahmed
245 ## - TITLE STATEMENT
Title Aao Quran ki taraf : Quran Pak ki azmat , taseer, Haqooq(mis)(آو قرآن کی طرف قرآن پاک کی عظمت ، تاثیر، حقوق)
Statement of responsibility, etc Riaz Ahmed
260 ## - PUBLICATION, DISTRIBUTION, ETC. (IMPRINT)
Place of publication, distribution, etc راولپنڈی:
Name of publisher, distributor, etc مدینہ سٹیشنری
Date of publication, distribution, etc 1998
300 ## - PHYSICAL DESCRIPTION
Extent ؟
942 ## - ADDED ENTRY ELEMENTS (KOHA)
Koha item type Books
Holdings
Withdrawn status Lost status Damaged status Home library Current library Date acquired Full call number Barcode Date last seen Price effective from Koha item type
      UMT Main Campus UMT Main Campus 2018-02-21 ZIAC 297.05 RIA-A 119958 2018-02-21 2018-02-21 Books